|
|
|
|
| LEADER |
00627nta a2200181 i 4500 |
| 001 |
dokt3830 |
| 005 |
20240903112352.0 |
| 008 |
170215s1986 hu om 000 hun d |
| 040 |
|
|
|a SZTE Doktori Repozitórium
|b hun
|
| 041 |
|
|
|a hun
|
| 100 |
1 |
|
|a Ocsák Miklós
|
| 245 |
1 |
0 |
|a Algyő gazdasági, társadalmi-politikai viszonyai /1956-1973./
|h [elektronikus dokumentum] /
|c Ocsák Miklós
|
| 260 |
|
|
|c 1986
|
| 502 |
|
|
|a Disszertacio
|
| 650 |
|
4 |
|a történelemtudományok
|
| 650 |
|
4 |
|a Történettudomány
|
| 700 |
0 |
1 |
|a Serfőző Lajos
|e ths
|
| 856 |
4 |
0 |
|u https://doktori.bibl.u-szeged.hu/id/eprint/3830/1/1986_ocsak_miklos.pdf
|z Dokumentum-elérés
|